| 000 | 00515nam a2200145Ia 4500 | ||
|---|---|---|---|
| 008 | 170221s9999 xx 000 0 und d | ||
| 100 | _aDouglas Burleigh | ||
| 245 | _aEvaluating University Degree Programs Regarding the Effective Use of Public and Private Funding | ||
| 245 | _cDouglas Burleigh, Marina Kuimova, Maxim Mazhanov | ||
| 260 | _bInternational Review of Management and Marketing | ||
| 260 | _c2017 | ||
| 300 | _a7 : 1 | ||
| 650 | _xMarketing. | ||
| 856 | _uhttp://www.econjournals.com/index.php/irmm | ||
| 999 |
_c308015 _d308015 |
||